[Slovenské kúpeľníctvo]

Z obsahu: Slovenské kúpele skúška prežitia ešte len čaká. Konkurencii hotelov sa kúpele bránia. Wellness začína zaujímať aj Slovákov, väčšina však stále vyhľadáva klasickú kúpeľnú liečbu. Kde investovali do kúpeľov, dýchajú už teraz ľahšie. Akútne zadarmo, pri ostatných priplatiť. Na privatizačné sp...

Description complète

Enregistré dans:
Détails bibliographiques
Auteur principal: Horníková, Zuzana
Format: Chapitre de livre
Langue:slovaque
Sujets:
Tags: Ajouter un tag
Pas de tags, Soyez le premier à ajouter un tag!

MARC

LEADER 00000naa$a2200000$$$4500
001 0019713
005 20231009075313.0
041 0 |a slo 
044 |a SK 
245 1 0 |a [Slovenské kúpeľníctvo]  |c Zuzana Horníková ... [ et al. ] 
520 |a Z obsahu: Slovenské kúpele skúška prežitia ešte len čaká. Konkurencii hotelov sa kúpele bránia. Wellness začína zaujímať aj Slovákov, väčšina však stále vyhľadáva klasickú kúpeľnú liečbu. Kde investovali do kúpeľov, dýchajú už teraz ľahšie. Akútne zadarmo, pri ostatných priplatiť. Na privatizačné spory kúpeľníctvo pomaly zabúda. Samospráva a kúpele - odsúdené na spoluprácu. 
610 2 0 |a kúpele 
610 2 0 |a kúpeľníctvo 
610 2 0 |a hotely 
610 2 0 |a konkurencia 
610 2 0 |a financovanie 
610 2 0 |a samospráva 
610 2 0 |a Slovensko 
100 1 |a Horníková, Zuzana